| 000 | 00912nac a22002531i 4500 | ||
|---|---|---|---|
| 003 | EG-ScBUE | ||
| 005 | 20240707114335.0 | ||
| 008 | 090318s1986 ua o f 000 0 ara d | ||
| 017 | _a1986 / 5363 | ||
| 040 |
_aEG-ScBUE _bara _erda _cEG-ScBUE _dEG-ScBUE |
||
| 043 | _af-ua--- | ||
| 082 | 0 | 4 |
_a962.151 _bهـ ي ك _222 |
| 100 | 1 |
_aهيكل، محمد حسنين، _d1923-2016، _eمؤلف. |
|
| 245 | 1 | 0 |
_aملفات السويس : _bحرب الثلاثين سنة / _cمحمد حسنين هيكل. |
| 250 | _aالطبعة الأولى. | ||
| 264 | 1 |
_aالقاهرة : _bمركز الأهرام للترجمة والنشر، _c1986. |
|
| 300 |
_a923 صفحة : _bصور ؛ _c25 سم |
||
| 336 |
_2rdacontent _aنص _btxt |
||
| 337 |
_aبدون وسيط _2rdamedia _bn |
||
| 338 |
_aمجلد _bnc _2rdacarrier |
||
| 651 | 7 |
_914916 _aالسويس _xتاريخ. _2BUEsh |
|
| 655 | _vReading book | ||
| 942 |
_cBB _2ddc |
||
| 999 |
_c3777 _d3777 |
||